Head First Java (Record no. 4012)

MARC details
000 -LEADER
fixed length control field 00327nam a2200145Ia 4500
008 - FIXED-LENGTH DATA ELEMENTS--GENERAL INFORMATION
fixed length control field 191201s2009 xx 000 0 und d
082 ## - DEWEY DECIMAL CLASSIFICATION NUMBER
Classification number 005.133
Item number SIH
100 ## - MAIN ENTRY--PERSONAL NAME
Personal name SIERRA, Kothy
245 #0 - TITLE STATEMENT
Title Head First Java
250 ## - EDITION STATEMENT
Edition statement Rep.
260 ## - PUBLICATION, DISTRIBUTION, ETC. (IMPRINT)
Place of publication, distribution, etc N.Delhi
Name of publisher, distributor, etc Shroff
Date of publication, distribution, etc 2009
300 ## - PHYSICAL DESCRIPTION
Extent 688
650 ## - SUBJECT ADDED ENTRY--TOPICAL TERM
Topical term or geographic name as entry element B.Tech(IT)
942 ## - ADDED ENTRY ELEMENTS (KOHA)
Source of classification or shelving scheme Dewey Decimal Classification
Koha item type Text Books
Holdings
Withdrawn status Lost status Source of classification or shelving scheme Damaged status Not for loan Collection code Home library Current library Date acquired Source of acquisition Cost, normal purchase price Bill Number Total Checkouts Full call number Acc. no. / Barcode Date last seen Bill Date Koha item type Checked out Date last borrowed
    Dewey Decimal Classification     B.Tech(IT) PIET C-LIBRARY PIET C-LIBRARY 20/07/2009 J B C, New Delhi 550.00 SI-1464   005.133 SIH 12841 04/12/2019 11/07/2009 Text Books    
    Dewey Decimal Classification     B.Tech(IT) PIET C-LIBRARY PIET C-LIBRARY 20/07/2009 J B C, New Delhi 550.00 SI-1464 1 005.133 SIH 12842 15/12/2020 11/07/2009 Text Books 14/06/2021 15/12/2020
    Dewey Decimal Classification     B.Tech(IT) PIET C-LIBRARY PIET C-LIBRARY 20/07/2009 J B C, New Delhi 550.00 SI-1464 4 005.133 SIH 12843 25/10/2021 11/07/2009 Text Books   07/10/2021
    Dewey Decimal Classification     B.Tech(IT) PIET C-LIBRARY PIET C-LIBRARY 20/07/2009 J B C, New Delhi 550.00 SI-1464 16 005.133 SIH 12844 01/10/2025 11/07/2009 Text Books   16/09/2025
    Dewey Decimal Classification     B.Tech(IT) PIET C-LIBRARY PIET C-LIBRARY 20/07/2009 J B C, New Delhi 550.00 SI-1464 4 005.133 SIH 12845 09/03/2023 11/07/2009 Text Books   03/03/2023

Design & Developed by: PIET Central Library
R70 Miles Stone Pattikalyana Samalkha Panipat 132102
mail ID :- [email protected], Phone No:- 0180-2569700 Ex.216